| 000 | 00915cam a2200181 4500 | ||
|---|---|---|---|
| 001 | WB3908-04 | ||
| 008 | 030226n2003 000 0 eng u | ||
| 035 | _a(Sirsi) u121434 | ||
| 245 | _aSMEs boost UK construction sector | ||
| 260 | _c2003 | ||
| 490 |
_aPKF Press Release _v 13 January 2003 (3) |
||
| 520 | _aPKF has published it's latest "PKF SME Index" which reports that the fourth quarter of 2002 saw business activity in the small and medium-sized enterprise construction sector reach its highest level since the height of the boom in 2001. The index is compiled from a survey of 800 SMEs in the manufacturing, construction and service sectors. Table. Copies of the index are available free from [email protected] http://www.pkf.co.uk/web/pkfweb.nsf/frameset.html?Open | ||
| 590 | _aWB | ||
| 650 | _aSTATISTICS | ||
| 650 | _aSMES | ||
| 690 | _aBUILT ENVIRONMENT-CONSTRUCTION MARKET | ||
| 942 | _n0 | ||
| 999 |
_c72159 _d72159 |
||